00465 2200169 4500001002100000008004100021035002000062245008600082100002000168250000600188260004200194300001200236084001400248082000800262650001300270990001200283INLIS000000000000757 ind  a0010-0424000733 aSoal dan Pembahasan Olimpiade Fisika Tingkat Nasional 2004 - 2017cDavit Sipayung aSipayung, Davit a1 aJakarta :bBina Prestasi Insanic2018 a234 hlm a530 DAV f a530 aNonfiksi a0739648